Pohľad na makroekonomickú situáciu Malty v rámci eurozóny

Vývoj makroekonomických ukazovateľov Malty v rokoch 2007 - 2011. Vývoj rastu hrubého domáceho produktu Malty v percentách v porovnaní so SR a krajinami eurozóny za roky 2007 - 2011. Prognóza vývoja Malty.

Na minha lista:
Detalhes bibliográficos
Autor principal: Tekelová, Zuzana, 1987-
Formato: Capítulo de Livro
Idioma:eslovaco
Assuntos:
Tags: Adicionar Tag
Sem tags, seja o primeiro a adicionar uma tag!

MARC

LEADER 00000nla a2200000 4500
001 0164302
005 20240502072850.8
041 0 |a slo 
044 |a SK 
245 1 0 |a Pohľad na makroekonomickú situáciu Malty v rámci eurozóny  |c Zuzana Tekelová 
520 |a Vývoj makroekonomických ukazovateľov Malty v rokoch 2007 - 2011. Vývoj rastu hrubého domáceho produktu Malty v percentách v porovnaní so SR a krajinami eurozóny za roky 2007 - 2011. Prognóza vývoja Malty. 
610 2 0 |a Malta 
610 2 0 |a situácia hospodárska 
610 2 0 |a ukazovatele makroekonomické 
610 2 0 |a Európska únia 
610 2 0 |a Slovensko 
610 2 0 |a porovnanie medzinárodné 
100 1 |a Tekelová, Zuzana, 1987-